00328pab a2200121 454500008004000000100002700040245005300067260000900120300001300129362000800142650002000150773003600170180718b2006 xxu||||| |||| 00| 0 eng d aAggarwal, Rajesh Kumar aNational rural health mission: an ambitious plan c2006 ap.73-82. aOct aHealth services aGuru Nanak Journal of Sociology